00174nam a2200073Ia 4500082001200000245001200012100003500024008004100059 aAF MEYE 0aFeniks  a Meyer, Deon Kaapstad, 2008 210817s9999 xx 000 0 und d